• AIU
  • Tony Wilmot Memorial Library

Dynamics of forgiveness, (Record no. 6664)

MARC details
000 -LEADER
fixed length control field 00593nam a22002051a 4500
001 - CONTROL NUMBER
control field 1664111
005 - DATE AND TIME OF LATEST TRANSACTION
control field 20160914020002.0
008 - FIXED-LENGTH DATA ELEMENTS--GENERAL INFORMATION
fixed length control field 740305s1964 pau b 00010 eng
035 ## - SYSTEM CONTROL NUMBER
System control number (OCoLC)ocm00820646
035 ## - SYSTEM CONTROL NUMBER
System control number (CONdb)58157
040 ## - CATALOGING SOURCE
Original cataloging agency DLC
Transcribing agency BSC
Modifying agency OCL
-- ICE
-- CONdb
050 ## - LIBRARY OF CONGRESS CALL NUMBER
Classification number BT795
Item number .E45
100 10 - MAIN ENTRY--PERSONAL NAME
Personal name Emerson, James G.
Dates associated with a name 1926-
Fuller form of name (James Gordon),
245 10 - TITLE STATEMENT
Title Dynamics of forgiveness,
Statement of responsibility, etc by James G. Emerson, Jr.
Medium [Text]
260 0# - PUBLICATION, DISTRIBUTION, ETC. (IMPRINT)
Place of publication, distribution, etc Philadelphia
Name of publisher, distributor, etc Westminster Press
Date of publication, distribution, etc [1964]
300 ## - PHYSICAL DESCRIPTION
Extent 203 p. 21 cm.
504 ## - BIBLIOGRAPHY, ETC. NOTE
Bibliography, etc Includes Index
650 #0 - SUBJECT ADDED ENTRY--TOPICAL TERM
Topical term or geographic name as entry element Forgiveness of sin.
942 00 - ADDED ENTRY ELEMENTS (KOHA)
Koha issues (borrowed), all copies 4
Holdings
Withdrawn status Lost status Source of classification or shelving scheme Damaged status Not for loan Collection code Home library Current library Shelving location Date acquired Source of acquisition Cost, normal purchase price Total Checkouts Total Renewals Full call number Barcode Date last seen Date checked out Copy number Price effective from Koha item type
    Library of Congress Classification     General Circulation AIU/NEGST - Tony Wilmot Memorial Library AIU/NEGST - Tony Wilmot Memorial Library General Stacks 09/17/2009 Donation - Christian Nationals 15.00 13 1 BT 795 .E45 1964 R14809J3232 11/15/2023 11/01/2023 1 09/17/2009 Books